| 000 | 00828nam a2200229Ia 4500 | ||
|---|---|---|---|
| 008 | 220204s9999 xx 000 0 und d | ||
| 020 | _a9789380883199 | ||
| 082 |
_a551.5:63 _bRAO |
||
| 100 | _aRAO, VUM | ||
| 245 | 0 | _aSERB School on agrometeorological aspects of extreme weather events (Department of Science and Technology, New Delhi), 1-21 May 2013, Central Research Institute for Dryland Agriculture, Hyderabad | |
| 260 |
_aHyderabad _bCentral Research Institute for Dryland Agriculture _c2013 |
||
| 650 | _aAgro-climatic analysis | ||
| 650 | _aAgrometeorology | ||
| 650 | _aClimate change | ||
| 650 | _aClimatic risk management | ||
| 650 | _aCrop health monitoring | ||
| 650 | _aDrought management | ||
| 650 | _aPlantation crops | ||
| 650 | _aRemote sensing | ||
| 650 | _aTsunami warning system | ||
| 942 | _cBK | ||
| 999 |
_c44872 _d44872 |
||